000
00274nam a22001097a 4500
008
231120b |||||||| |||| 00| 0 eng d
100
_a
Rai, Nand Kumar
_9
6810
245
_a
Hindi ke Vishisht Aalochak
260
_a
Allahabad;
_b
Vasumati;
_c
1969;
300
_a
111p
942
_c
BK
999
_c
40414
_d
40414